Giáo trình nhập môn toán tài chính /

Wedi'i Gadw mewn:
Manylion Llyfryddiaeth
Awdur Corfforaethol: Dự án Phát triển Giáo viên Trung học Phổ thông & Trung học Chuyên nghiệp.
Fformat: Sách giấy
Iaith:Vietnamese
Cyhoeddwyd: Cần Thơ : Đại học Cần Thơ, 2013.
Cyfres:Dự án Phát triển Giáo viên Trung học Phổ thông & Trung học Chuyên nghiệp
Pynciau:
Tagiau: Ychwanegu Tag
Dim Tagiau, Byddwch y cyntaf i dagio'r cofnod hwn!
Thư viện lưu trữ: Thư viện Trường Đại học Đà Lạt
LEADER 01386nam a2200325 4500
001 DLU140160422
005 ##20140228
040 # # |a DLU  |b vie 
041 # # |a vie 
044 # # |a vn 
082 # # |a 658.150 151  |b DUA 
110 # # |a Dự án Phát triển Giáo viên Trung học Phổ thông & Trung học Chuyên nghiệp. 
245 # # |a Giáo trình nhập môn toán tài chính /  |c Dự án Phát triển Giáo viên Trung học Phổ thông & Trung học Chuyên nghiệp. 
260 # # |a Cần Thơ :  |b Đại học Cần Thơ,  |c 2013. 
300 # # |a 245 tr. ;  |c 27 cm. 
490 # # |a Dự án Phát triển Giáo viên Trung học Phổ thông & Trung học Chuyên nghiệp 
504 # # |a Tài liệu tham khảo: tr.243. 
505 # # |a Chương 1. Một số khái niệm về tiền tệ -- Chương 2. Thị trường tài chính -- Chương 3. Kinh doanh chênh lệch giá -- Chương 4. Lãi suất và trái phiếu -- Chương 5. Phân tích giá cổ phiếu -- Chương 6. Quản lí danh mục đầu tư -- Chương 7. Giải tích ngẫu nhiên -- Chương 8. Quyền chọn. 
650 # # |a Toán học tài chính  |v Giáo trình. 
923 # # |a 11/2013 
991 # # |a SH 
992 # # |a 12300 
994 # # |a DLU 
900 # # |a True 
911 # # |a Đào Thị Thu Huyền 
925 # # |a G 
926 # # |a A 
927 # # |a SH 
980 # # |a Thư viện Trường Đại học Đà Lạt